Balones de Oro de los Mundiales - Estadísticas

Estadísticas generales
  • Esta prueba ha sido intentada 3.729 veces
    3.642 desde el último reinicio
  • La puntuación promedio es 7 de 10
Estadísticas de respuestas
Año País Ganador % Correcto
2014, 2022 Argentina Lionel Messi
100%
2018 Croacia Luka Modrić
96%
1998 Brasil Ronaldo
89%
2006 Francia Zinedine Zidane
86%
1986 Argentina Diego Maradona
85%
2010 Uruguay Diego Forlán
82%
1994 Brasil Romário
54%
2002 Alemania Oliver Kahn
47%
1982 Italia Paolo Rossi
40%
1990 Italia Salvatore Schillaci
9%
No se encontraron pruebas coincidentes
Distribución de puntuación
Porcentaje de gente con cada puntuación
Porcentaje por número respondido
Historial de tus puntuaciones
No has intentado esta prueba desde el último reinicio